Developing a Winning Marketing Plan. (Record no. 213)

MARC details
005 - DATE AND TIME OF LATEST TRANSACTION
control field 20250618153741.0
020 ## - INTERNATIONAL STANDARD BOOK NUMBER
International Standard Book Number 0-471-84529-9
082 ## - DEWEY DECIMAL CLASSIFICATION NUMBER
Classification number 658.802 COH
100 ## - MAIN ENTRY--PERSONAL NAME
Author name COHEN, W. A.
245 ## - TITLE STATEMENT
Title Developing a Winning Marketing Plan.
260 ## - PUBLICATION, DISTRIBUTION, ETC.
Place of publication, distribution, etc. New York,
Name of publisher, distributor, etc. John Willey & Sons,
Date of publication, distribution, etc. 1937.
300 ## - PHYSICAL DESCRIPTION
Extent x, 324p.: ill.; figure, Table
Other physical details Index
Dimensions 24cm
942 ## - ADDED ENTRY ELEMENTS (KOHA)
Source of classification or shelving scheme Dewey Decimal Classification
Koha item type Books
Holdings
Date last seen Total checkouts Full call number Barcode Cost, replacement price Price effective from Koha item type Lost status Source of classification or shelving scheme Damaged status Not for loan Withdrawn status Home library Current library Shelving location Date acquired Cost, normal purchase price
03/10/2025   658.802 COH 000000735 43772.40 03/10/2025 Books   Dewey Decimal Classification       College of Business Education Main Library College of Business Education Main Library General Collection 03/10/2025 14590.80